| 000 | 00785nam a2200241 i 4500 | ||
|---|---|---|---|
| 001 | 188471 | ||
| 003 | SpMaBN | ||
| 005 | 20250821070533.0 | ||
| 008 | 181121s1991 sp |||| | spa d | ||
| 020 | _a84-7151-759-0 | ||
| 080 | _a860-1"19" | ||
| 100 | 1 |
_aMartín Descalzo, José Luis, _d1930-1991 _977470 |
|
| 245 | 1 | 0 |
_aTestamento del pájaro solitario / _cJosé Luis Martín Descalzo. |
| 250 | _a3ª ed. | ||
| 260 |
_aEstella (Navarra) : _bVerbo Divino, _c1991. |
||
| 300 |
_a105 p. : _bil. ; _c19 cm. |
||
| 490 | 1 | _aSurcos | |
| 830 | 0 |
_aSurcos _9193061 |
|
| 852 |
_aES-MaACL _jA-14277 _9195601 _bR.151634 _cDEPO1 _dOlim: N-7277 _hDonación: Manuel Spinola |
||
| 903 |
_aSpínola, Manuel, _d1948- _ednr _9161019 |
||
| 942 |
_2udc _cMONOGRAFIA |
||
| 999 |
_c188471 _d188471 |
||